000 00732nam a22002057a 4500
003 OSt
005 20260310025035.0
008 260310b |||||||| |||| 00| 0 eng d
020 _a0-673-52500-7.
040 _aDWCL Main lib
_cOC
082 _27th ed., 1996 election ed
_aCirc. 320.473 Ed26 1997
100 _aEdwards, George C.
245 _aGovernment in America :
_bpeople, politics and policy
_cGeorge C. Edwards
250 _a7th ed., 1996 election ed
260 _aNew York :
_bLongman,
_cc1997.
300 _axxxi, 648 p. :
_bcol. ill. ;
_c28 cm.
504 _aIncludes bibliographical references and index.
650 _aUnited States-Politics and government.
942 _2ddc
_cBK-CIRC
_e7th ed., 1996 election ed
_kCirc.
_n0
999 _c8824
_d8824